The role of Sziget Festival in tourism of Hungary

Bibliográfiai részletek
Szerző: Szabó Richárd Vilmos
További közreműködők: Karsai Dr Árpád
Dokumentumtípus: Diplomadolgozat
Kulcsszavak:Festival tourism
Sziget Fesztival
Online Access:http://dolgozattar.uni-bge.hu/13012

MARC

LEADER 00000nta a2200000 i 4500
001 dolg13012
005 20180301170349.0
008 171129suuuu hu om 000 eng d
040 |a BGE Dolgozattár Repozitórium  |b hun 
041 |a en 
100 1 |a Szabó Richárd Vilmos 
245 1 4 |a The role of Sziget Festival in tourism of Hungary  |c Szabó Richárd Vilmos  |h [elektronikus dokumentum] 
695 |a Festival tourism 
695 |a Sziget Fesztival 
700 1 |a Karsai Dr Árpád  |e ths 
856 4 0 |u http://dolgozattar.uni-bge.hu/13012/1/Dissertation.pdf  |z Dokumentum-elérés